| 000 | 00494cam a2200193ua 4500 | ||
|---|---|---|---|
| 020 |
_a0 13 397332 8 _c$ 51.95 |
||
| 041 |
_aeng _h |
||
| 082 |
_a005.133 _bCHA/FO |
||
| 100 | _aLuc , Chamberland . | ||
| 245 |
_aFORTRAN 90 : A reference guide / _cChamberland Luc. _hTextual Documents |
||
| 250 |
_a1 / _b. |
||
| 260 |
_aNew Jersey : _bPrentice Hall Inc , _c1995. |
||
| 300 | _a438 ; . | ||
| 365 | _a$ 51.95 | ||
| 500 | _a*CSS | ||
| 504 | _a | ||
| 942 | _cBK | ||
| 999 |
_c2983 _d2983 |
||